| 000 | 01157nam a2200229Ia 4500 | ||
|---|---|---|---|
| 999 |
_c40360 _d40360 |
||
| 001 | 6968 | ||
| 003 | GE_BSU | ||
| 005 | 20190604173204.0 | ||
| 008 | 181216s1980||||ge |||||||||||||| ||geo|| | ||
| 040 | _cGE_BSU | ||
| 041 | _ageo | ||
| 080 | _a004.383.3(075.8) ჩ-95 | ||
| 100 |
_aჩხატარაშვილი, ნ. _92064 |
||
| 245 |
_aციფრული გამომთვლელი მანქანების პერიფერიული მოწყობილობები.ნაწ.1. _cნ. ჩხატარაშვილი, მ. ღოღობერიძე ; რედ. მ. ძიძიგური. |
||
| 264 |
_aთბილისი : _bსპი, _c1980. |
||
| 300 |
_a98 გვ.; _c20 სმ. |
||
| 504 | _aბიბლიოგრ. : გვ.96. | ||
| 653 | _aციფრული გამომთვლელი მანქანების პერიფერიული მოწყობილობები | ||
| 700 |
_a ღოღობერიძე, მ. _eავტორი _92065 |
||
| 700 |
_aძიძიგური, მ. _eრედაქტორი _9472 |
||
| 942 |
_cBK _2udc |
||